Snakes! / (Record no. 9252)

MARC details
000 -LEADER
fixed length control field 01090nam a22002777a 4500
001 - CONTROL NUMBER
control field 9252
003 - CONTROL NUMBER IDENTIFIER
control field FISKH
005 - DATE AND TIME OF LATEST TRANSACTION
control field 20251205111116.0
008 - FIXED-LENGTH DATA ELEMENTS--GENERAL INFORMATION
fixed length control field 251205b cb ||||| |||| 00| 0 eng d
020 ## - INTERNATIONAL STANDARD BOOK NUMBER
International Standard Book Number 9780768101072
040 ## - CATALOGING SOURCE
Original cataloging agency FISKH
Language of cataloging eng
Transcribing agency FISKH
Modifying agency FISKH
050 ## - LIBRARY OF CONGRESS CALL NUMBER
Classification number QL666.O6 N53
082 ## - DEWEY DECIMAL CLASSIFICATION NUMBER
Classification number 597.96
100 ## - MAIN ENTRY--PERSONAL NAME
Personal name Nicholas, Christopher
245 ## - TITLE STATEMENT
Title Snakes! /
Statement of responsibility, etc. Written by Christopher Nicholas ; Illustrated by Mike Maydak
260 ## - PUBLICATION, DISTRIBUTION, ETC.
Place of publication, distribution, etc. New York :
Name of publisher, distributor, etc. McClanahan Book,
Date of publication, distribution, etc. 1999.
300 ## - PHYSICAL DESCRIPTION
Extent 24 unnumbered pages :
Other physical details color illustrations ;
Dimensions 21 cm
505 ## - FORMATTED CONTENTS NOTE
Formatted contents note P<br/>
520 ## - SUMMARY, ETC.
Summary, etc. Ever wondered how snakes can swallow and digest an entire animal whole, bones and all? Or which snakes squeeze the life out of their victims? Explore this exciting book for answers to questions you'll be glad we asked -- plus dozens of amazing facts and lots of colorful, action-packed illustrations.--
521 8# - TARGET AUDIENCE NOTE
Target audience note 620<br/>
Source Lexile<br/><br/>
521 8# - TARGET AUDIENCE NOTE
Target audience note P<br/>
Source Raz-Plus<br/>
650 ## - SUBJECT ADDED ENTRY--TOPICAL TERM
Topical term or geographic name entry element Know it alls snakes
Form subdivision Animals
700 ## - ADDED ENTRY--PERSONAL NAME
Personal name Maydak, Mike
Relator term illustrator
942 ## - ADDED ENTRY ELEMENTS (KOHA)
Source of classification or shelving scheme Dewey Decimal Classification
Koha item type Books
Suppress in OPAC No
Holdings
Withdrawn status Lost status Source of classification or shelving scheme Damaged status Not for loan Collection Home library Current library Shelving location Date acquired Total Checkouts Full call number Barcode Date last seen Copy number Price effective from Koha item type
    Dewey Decimal Classification     Non-Fiction Footprints International School Library Network Toul Tom Poung Campus Footprints International School Library Network Toul Tom Poung Campus TTP Primary Yellow Bookshelves 12/05/2025   NIC 597.96 QL666.O6 N53 FIS01538 12/05/2025 1 12/05/2025 Books